[Event "?"]
[Site "?"]
[Date "2017.08.26"]
[Round "1.1"]
[White "Mareck, Sascha"]
[Black "Klaus, Daniel"]
[Result "1-0"]
[WhiteElo "2156"]
[BlackElo "1916"]
[PlyCount "67"]
[EventDate "2017.??.??"]
[WhiteTeam "SV NÃ¼rtingen"]
[BlackTeam "SC Feuerbach"]

1. d4 d5 2. c4 c6 3. Nf3 Nf6 4. g3 e6 5. Bg2 Be7 6. O-O O-O 7. Qc2 Nbd7 8. Rd1
Ne4 9. Nc3 f5 10. Ne5 Qe8 11. Bf4 g5 12. Nxd7 Bxd7 13. Be5 Qg6 14. Nxe4 fxe4
15. f3 exf3 16. Qxg6+ hxg6 17. Bxf3 dxc4 18. Rdc1 b5 19. b3 a5 20. bxc4 b4 21.
Kg2 Rac8 22. c5 g4 23. Bxg4 Bg5 24. Rd1 Be3 25. Bf3 Rf7 26. Rd3 Bg5 27. a3 bxa3
28. Raxa3 Bd8 29. Be4 Rf5 30. Rab3 Kf7 31. g4 Rxe5 32. dxe5 Be8 33. Rb7+ Kg8
34. Rd6 1-0

[Event "?"]
[Site "?"]
[Date "2017.08.26"]
[Round "1.2"]
[White "Bangert, Udo"]
[Black "Wolf, Walter"]
[Result "0-1"]
[WhiteElo "1906"]
[BlackElo "2110"]
[PlyCount "48"]
[EventDate "2017.??.??"]
[WhiteTeam "SC Grunbach"]
[BlackTeam "Stuttgarter SF"]

1. Nf3 g6 2. c4 f5 3. d4 Bg7 4. Nc3 Nf6 5. e3 O-O 6. Bd3 d6 7. O-O c6 8. Qc2
Na6 9. a3 Nc7 10. Bd2 Qe8 11. e4 fxe4 12. Nxe4 Bg4 13. Nxf6+ Bxf6 14. Bh6 Bxf3
15. Bxf8 Qxf8 16. Bxg6 hxg6 17. gxf3 Qh6 18. Kh1 Kf7 19. Rg1 Rh8 20. Rg2 Ne6
21. d5 Nf4 22. Rag1 Be5 23. Qe4 Nxg2 24. Rxg2 Qc1+ 0-1

[Event "?"]
[Site "?"]
[Date "2017.08.26"]
[Round "1.3"]
[White "Hallmann, Norbert"]
[Black "GÃ¼nther, Stefan"]
[Result "1-0"]
[WhiteElo "2094"]
[BlackElo "1897"]
[PlyCount "41"]
[EventDate "2017.??.??"]
[WhiteTeam "SF Neckartenzlingen"]
[BlackTeam "SV Weingarten"]

1. e4 e5 2. f4 exf4 3. Bc4 Be7 4. d4 Bh4+ 5. Kf1 d6 6. Bxf4 Be6 7. Bxe6 fxe6 8.
Qg4 e5 9. dxe5 dxe5 10. Qh5+ Kf8 11. Bxe5 Bf6 12. Bxf6 Nxf6 13. Qc5+ Qe7 14.
Qxe7+ Kxe7 15. Nc3 c6 16. Nf3 Nbd7 17. Ke2 Rhf8 18. Rad1 Ng4 19. Rd2 Nge5 20.
Rhd1 Nxf3 21. Rxd7+ 1-0

[Event "?"]
[Site "?"]
[Date "2017.08.26"]
[Round "1.4"]
[White "Forster, Lukas"]
[Black "Muschkowski, JÃ¼rgen"]
[Result "1/2-1/2"]
[WhiteElo "1880"]
[BlackElo "2091"]
[PlyCount "52"]
[EventDate "2017.??.??"]
[WhiteTeam "Stuttgarter SF"]
[BlackTeam "SV Balingen"]

1. e4 d6 2. d4 g6 3. Nc3 Bg7 4. Be3 a6 5. Qd2 h6 6. O-O-O c6 7. f3 b5 8. h4 b4
9. Nce2 a5 10. g4 Nd7 11. Nh3 Nb6 12. Ng3 d5 13. e5 Nc4 14. Bxc4 dxc4 15. h5 g5
16. Nf5 e6 17. Nxg7+ Kf8 18. f4 Qd5 19. fxg5 c3 20. bxc3 Qxa2 21. Qd3 Ba6 22.
Nxe6+ Ke7 23. c4 Bxc4 24. Qe4 Qa1+ 25. Kd2 Qc3+ 26. Kc1 Qa1+ 1/2-1/2

[Event "?"]
[Site "?"]
[Date "2017.08.26"]
[Round "1.5"]
[White "Reck, Moritz"]
[Black "Jakob, Georg"]
[Result "0-1"]
[WhiteElo "2082"]
[BlackElo "1856"]
[PlyCount "52"]
[EventDate "2017.??.??"]
[WhiteTeam "TSV SchÃ¶naich"]
[BlackTeam "SG KK HohentÃ¼bingen"]

1. e4 c5 2. Nc3 Nc6 3. g3 g6 4. Bg2 Bg7 5. d3 d6 6. Be3 Rb8 7. Qd2 b5 8. Nd1 b4
9. f4 Bd7 10. Nf3 Qc8 11. c3 Nf6 12. h3 h5 13. Nh4 O-O 14. d4 bxc3 15. bxc3
cxd4 16. cxd4 Qa6 17. f5 Nb4 18. Kf2 Rfc8 19. Kg1 Rc2 20. Qe1 Rxg2+ 21. Kxg2
Nc2 22. Qd2 Nxa1 23. Nc3 Qa3 24. Kf3 Rb2 25. Qc1 Nc2 26. Nd1 Nxd4+ 0-1

[Event "?"]
[Site "?"]
[Date "2017.08.26"]
[Round "1.6"]
[White "SchÃ¶mbs, Oliver"]
[Black "Yi, Danny"]
[Result "0-1"]
[WhiteElo "1853"]
[BlackElo "2070"]
[PlyCount "78"]
[EventDate "2017.??.??"]
[WhiteTeam "SC Ingersheim"]
[BlackTeam "SF Kornwestheim"]

1. g3 Nf6 2. c4 g6 3. Bg2 d5 4. cxd5 Nxd5 5. Qb3 c6 6. Nc3 Nb6 7. Nf3 Bg7 8. d3
O-O 9. O-O e5 10. Bg5 Qc7 11. Ne4 Be6 12. Qc2 f6 13. Be3 N8d7 14. Rfc1 Nd5 15.
Bd2 Rfd8 16. a4 a5 17. Rab1 Bf8 18. h3 Qb6 19. b3 h6 20. Nh2 f5 21. Nc3 Bc5 22.
e3 Nb4 23. Qd1 Nxd3 24. Bf1 Nxc1 25. Qxc1 e4 26. Na2 Ne5 27. Qb2 Bf7 28. Bxa5
Rxa5 29. b4 Rxa4 30. Qxe5 Bxe3 31. Nc3 Bxf2+ 32. Kh1 Rxb4 33. Na4 Qd4 34. Qxd4
Rdxd4 35. Rxb4 Rxb4 36. Nc3 Rb3 37. Ne2 e3 38. Kg2 Bd5+ 39. Nf3 Rb1 0-1

[Event "?"]
[Site "?"]
[Date "2017.08.26"]
[Round "1.7"]
[White "Reimche, Vadim"]
[Black "Jaster, Dirk"]
[Result "1/2-1/2"]
[WhiteElo "2068"]
[BlackElo "1835"]
[PlyCount "68"]
[EventDate "2017.??.??"]
[WhiteTeam "TG Biberach"]
[BlackTeam "SC Feuerbach"]

1. d4 d5 2. Bf4 Nf6 3. Nf3 Bf5 4. e3 e6 5. Bd3 Bg6 6. Ne5 Bd6 7. Nxg6 hxg6 8.
Bg5 c6 9. Nd2 Nbd7 10. e4 dxe4 11. Nxe4 Qc7 12. Be3 Nd5 13. Qf3 N7f6 14. O-O-O
Nxe4 15. Bxe4 Nxe3 16. fxe3 Rxh2 17. Rxh2 Bxh2 18. Rh1 O-O-O 19. Qh3 Bf4 20.
Bxg6 Bh6 21. Bd3 Rxd4 22. Qf3 Rd5 23. Rf1 f6 24. Qh3 Re5 25. Rf3 Qa5 26. b3
Qe1+ 27. Kb2 Rxe3 28. Rxe3 Qxe3 29. Qxe3 Bxe3 30. Kc3 Kc7 31. Bg6 Kd6 32. Kd3
Bc1 33. a4 a5 34. Kc4 Bd2 1/2-1/2

[Event "?"]
[Site "?"]
[Date "2017.08.26"]
[Round "1.8"]
[White "Hurm, Marius"]
[Black "Meschke, Andreas"]
[Result "0-1"]
[WhiteElo "1818"]
[BlackElo "2040"]
[PlyCount "92"]
[EventDate "2017.??.??"]
[WhiteTeam "SG KK HohentÃ¼bingen"]
[BlackTeam "SC Erdmannhausen"]

1. e4 e5 2. Nf3 Nc6 3. Bb5 a6 4. Ba4 Nf6 5. d3 b5 6. Bb3 Bc5 7. O-O d6 8. c3
Bg4 9. h3 Bh5 10. Nbd2 O-O 11. Re1 Re8 12. Nf1 Nb8 13. Ng3 Bg6 14. Bg5 h6 15.
Be3 Bxe3 16. Rxe3 Nh5 17. Nxh5 Bxh5 18. a4 bxa4 19. Rxa4 c6 20. Qe2 Nd7 21. d4
Qb6 22. Rb4 Qa7 23. g4 a5 24. Ra4 Bg6 25. Nh4 Nf8 26. Rf3 Re7 27. Nf5 Rb7 28.
Ba2 Qb8 29. Qc4 Bxf5 30. Rxf5 Qe8 31. b4 exd4 32. cxd4 Ng6 33. Raxa5 Rab8 34.
Ra6 Nh4 35. Rf4 g5 36. Rf6 Qxe4 37. Qxc6 Qxd4 38. Qxd6 Rd8 39. Qxd4 Rxd4 40. b5
h5 41. gxh5 Re7 42. h6 Rd1+ 43. Kh2 Ree1 44. Ra8+ Kh7 45. Rxf7+ Kg6 46. Rg7+
Kxh6 0-1

[Event "?"]
[Site "?"]
[Date "2017.08.26"]
[Round "1.9"]
[White "Scholl, Martin"]
[Black "Engelhardt, Frank"]
[Result "1/2-1/2"]
[WhiteElo "2030"]
[BlackElo "1815"]
[PlyCount "123"]
[EventDate "2017.??.??"]
[WhiteTeam "TSV/RSK Esslingen"]
[BlackTeam "SC Botnang"]

1. c4 Nf6 2. Nc3 e6 3. e4 e5 4. Nf3 Nc6 5. a3 d6 6. h3 g6 7. d3 Bg7 8. Bg5 h6
9. Be3 O-O 10. Be2 Ne7 11. Qd2 Kh7 12. Nh2 c6 13. Ng4 Nfg8 14. Nh2 f5 15. f3 d5
16. cxd5 cxd5 17. exd5 Nxd5 18. Nxd5 Qxd5 19. O-O Be6 20. Rac1 Qd7 21. Rfd1 b6
22. Qe1 Rac8 23. Rxc8 Rxc8 24. Rc1 Nf6 25. Rxc8 Qxc8 26. Qc1 Qd7 27. Bf2 Nd5
28. g3 Ne7 29. Nf1 Nc6 30. b4 Nd4 31. Bd1 Qb7 32. Bxd4 exd4 33. Kf2 Bd5 34. Nd2
h5 35. f4 Bf6 36. h4 Qe7 37. Nf1 Qb7 38. Nh2 Kg7 39. Bf3 Bxf3 40. Nxf3 Qe7 41.
Qe1 Kf7 42. Qxe7+ Kxe7 43. Ke2 Kd6 44. Kd1 b5 45. Kc2 Kd5 46. Kb3 a6 47. Kc2
Kd6 48. Nd2 Kc6 49. Nb3 Bg7 50. Kd1 Kd5 51. Nc5 a5 52. Na6 axb4 53. Nxb4+ Kc5
54. Kc2 Bf6 55. Kb3 Bd8 56. Na2 Ba5 57. Nc1 Be1 58. Ne2 Ba5 59. Kc2 Be1 60. Kd1
Bf2 61. Kc2 Kb6 62. Kb3 1/2-1/2

[Event "?"]
[Site "?"]
[Date "2017.08.26"]
[Round "1.10"]
[White "Handel, Oliver"]
[Black "LÃ¼dke, Joshua"]
[Result "*"]
[WhiteElo "1813"]
[BlackElo "2026"]
[PlyCount "82"]
[EventDate "2017.??.??"]
[WhiteTeam "SF Kornwestheim"]
[BlackTeam "SF Kornwestheim"]

1. e4 g6 2. d4 Bg7 3. c4 d6 4. Nc3 Nf6 5. Nf3 O-O 6. Be2 e5 7. O-O Nc6 8. d5
Ne7 9. Ne1 Nd7 10. Be3 f5 11. f3 f4 12. Bf2 g5 13. Nd3 Nf6 14. c5 Rf7 15. Rc1
Ng6 16. b4 Bf8 17. a4 h5 18. b5 g4 19. a5 gxf3 20. Bxf3 Ng4 21. Bxg4 Bxg4 22.
Qb3 Qg5 23. Kh1 f3 24. g3 Bh3 25. Rfd1 h4 26. b6 hxg3 27. Bxg3 Nf4 28. Nf2 Bg2+
29. Kg1 axb6 30. axb6 cxb6 31. cxd6 Bxd6 32. Qxb6 Ra6 33. Qb5 Nh5 34. Qe8+ Kg7
35. Nb5 Nxg3 36. hxg3 Qxg3 37. Qxf7+ Kxf7 38. Nxd6+ Rxd6 39. Rc7+ Kg6 40. Rxb7
Bh3+ 41. Kh1 Qg2# *

[Event "?"]
[Site "?"]
[Date "2017.08.26"]
[Round "1.11"]
[White "MÃ¼ller, Karl-Heinz"]
[Black "Schott, Andreas"]
[Result "1-0"]
[WhiteElo "2009"]
[BlackElo "1812"]
[PlyCount "49"]
[EventDate "2017.??.??"]
[WhiteTeam "SV Balingen"]
[BlackTeam "SV Wendlingen"]

1. e4 c5 2. d4 cxd4 3. c3 dxc3 4. Nxc3 d6 5. Bc4 Nc6 6. Nf3 Nf6 7. e5 Ng4 8. e6
f6 9. Nh4 Nge5 10. Bb3 g6 11. f4 Qa5 12. fxe5 Qxe5+ 13. Qe2 Qxe2+ 14. Nxe2 Bg7
15. Nf3 f5 16. O-O O-O 17. Rd1 Rb8 18. Ned4 h6 19. Be3 a6 20. Rac1 Nxd4 21.
Bxd4 Bxd4+ 22. Nxd4 Kg7 23. Rc7 Kf6 24. Re1 Re8 25. Nc2 1-0

[Event "?"]
[Site "?"]
[Date "2017.08.26"]
[Round "1.12"]
[White "Pranjic, Daniel"]
[Black "KlaiÃŸ, Thomas"]
[Result "0-1"]
[WhiteElo "1791"]
[BlackElo "1995"]
[PlyCount "96"]
[EventDate "2017.??.??"]
[WhiteTeam "SG Ludwigsburg"]
[BlackTeam "SF Dornstetten-Pfalzgrafenweiler"]

1. e4 d6 2. d4 Nf6 3. Nc3 c6 4. Nf3 Bg4 5. Be2 Nbd7 6. Be3 e5 7. Qd2 Be7 8.
O-O-O O-O 9. h3 exd4 10. Nxd4 Bxe2 11. Qxe2 Qc7 12. f4 b5 13. Qf3 b4 14. Nce2
Rfe8 15. g4 Bf8 16. Ng3 Nc5 17. e5 dxe5 18. Qxc6 Qa5 19. fxe5 Rac8 20. Qf3 Rxe5
21. Kb1 Ne6 22. Ngf5 Nxd4 23. Nxd4 Ne4 24. Rhf1 f6 25. Bc1 Qb6 26. h4 a5 27.
Qb3+ Kh8 28. g5 a4 29. Qh3 Rc4 30. Qd3 Rc8 31. gxf6 Nxf6 32. Rf5 Rxf5 33. Nxf5
Qe6 34. Bd2 Rb8 35. Re1 Qf7 36. Bf4 Re8 37. Rxe8 Qxe8 38. Qe3 Qd7 39. Nd4 Bc5
40. c3 bxc3 41. bxc3 Qb7+ 42. Kc2 Qg2+ 43. Qe2 Qd5 44. Qe6 Bxd4 45. Qc8+ Ng8
46. cxd4 Qe4+ 47. Kc3 Qxf4 48. d5 Qc1+ 0-1

[Event "?"]
[Site "?"]
[Date "2017.08.26"]
[Round "1.14"]
[White "Baumeister, JÃ¼rgen"]
[Black "Fischer, Dietmar"]
[Result "0-1"]
[WhiteElo "1765"]
[BlackElo "1974"]
[PlyCount "82"]
[EventDate "2017.??.??"]
[WhiteTeam "SC Asperg"]
[BlackTeam "SC BÃ¶blingen"]

1. d4 Nf6 2. c4 g6 3. Nc3 Bg7 4. e4 d6 5. Be2 O-O 6. Nf3 e5 7. O-O Nc6 8. d5
Ne7 9. Ne1 Nd7 10. Be3 f5 11. f3 Nf6 12. a4 f4 13. Bf2 g5 14. a5 Ng6 15. b4 Rf7
16. c5 Bf8 17. Rc1 h5 18. h3 Rg7 19. Kh2 Nh8 20. Rh1 g4 21. fxg4 hxg4 22. hxg4
Nxg4+ 23. Bxg4 Bxg4 24. Qd3 Rh7+ 25. Kg1 Rxh1+ 26. Kxh1 Ng6 27. Nb5 a6 28. cxd6
cxd6 29. Na3 Be7 30. Bb6 Qf8 31. Rc7 Bh4 32. Nf3 Bg3 33. Kg1 Qh6 34. Nc4 Nh4
35. Nfxe5 dxe5 36. Nxe5 Bh5 37. Qc3 Rf8 38. Bd4 f3 39. Ng4 Bxg4 40. Rg7+ Qxg7
41. Bxg7 f2+ 0-1

[Event "?"]
[Site "?"]
[Date "2017.08.26"]
[Round "1.15"]
[White "Franz, Michael"]
[Black "Reindl, Knut"]
[Result "1/2-1/2"]
[WhiteElo "1961"]
[BlackElo "1682"]
[PlyCount "64"]
[EventDate "2017.??.??"]
[WhiteTeam "SV Besigheim"]
[BlackTeam "SG SchwÃ¤bisch GmÃ¼nd"]

1. e4 c5 2. Nf3 d6 3. d4 cxd4 4. Nxd4 Nf6 5. Nc3 g6 6. f3 Bg7 7. Be3 O-O 8. Qd2
Nc6 9. O-O-O d5 10. Kb1 Nxd4 11. Bxd4 dxe4 12. Nxe4 Nxe4 13. fxe4 Bxd4 14. Qxd4
Bg4 15. Qxd8 Raxd8 16. Rxd8 Rxd8 17. Bd3 Bd7 18. Re1 Kg7 19. e5 Bf5 20. Bxf5
gxf5 21. Kc1 e6 22. Re3 h5 23. Rd3 Rxd3 24. cxd3 f4 25. d4 Kg6 26. Kd2 Kf5 27.
Kd3 Kg4 28. Ke2 h4 29. Kf2 Kh5 30. Kf3 Kg5 31. Ke2 Kg4 32. Kf2 Kh5 1/2-1/2

[Event "?"]
[Site "?"]
[Date "2017.08.26"]
[Round "1.16"]
[White "Mayer, Dietmar"]
[Black "Kaplunov, Vadym"]
[Result "0-1"]
[WhiteElo "1696"]
[BlackElo "1941"]
[PlyCount "30"]
[EventDate "2017.??.??"]
[WhiteTeam "SC BÃ¶blingen"]
[BlackTeam "Stuttgarter SF"]

1. c4 d5 2. Nf3 d4 3. g3 g6 4. Bg2 Bg7 5. O-O c5 6. b4 d3 7. Nc3 dxe2 8. Qxe2
cxb4 9. Ne5 bxc3 10. Bd5 e6 11. Re1 Qc7 12. dxc3 Bxe5 13. Qxe5 Qxe5 14. Rxe5
Nc6 15. Re2 Nge7 0-1

[Event "?"]
[Site "?"]
[Date "2017.08.26"]
[Round "1.17"]
[White "Hermann, Tobias"]
[Black "Wohlt, Harald"]
[Result "1-0"]
[WhiteElo "1933"]
[BlackElo "1635"]
[PlyCount "41"]
[EventDate "2017.??.??"]
[WhiteTeam "SF Schwaigern"]
[BlackTeam "Stuttgarter SF"]

1. e4 e5 2. Nf3 Nc6 3. d4 exd4 4. Bc4 Nf6 5. e5 d5 6. Bb5 Bb4+ 7. c3 dxc3 8.
bxc3 Bxc3+ 9. Nxc3 Ne4 10. Qxd5 Nxc3 11. Bxc6+ Bd7 12. Qxd7+ Qxd7 13. Bxd7+
Kxd7 14. Bb2 Na4 15. O-O-O+ Ke7 16. Ba3+ c5 17. Rd6 b6 18. Kc2 Rhd8 19. Rhd1 b5
20. Bc1 h6 21. Nh4 1-0

[Event "?"]
[Site "?"]
[Date "2017.08.26"]
[Round "1.18"]
[White "SchrÃ¶ck, Holger"]
[Black "Junginger, Andreas"]
[Result "0-1"]
[WhiteElo "1642"]
[BlackElo "1938"]
[PlyCount "34"]
[EventDate "2017.??.??"]
[WhiteTeam "TSV Heumaden"]
[BlackTeam "SV Reutlingen"]

1. d4 Nf6 2. c4 e6 3. Nf3 d5 4. e3 c6 5. Be2 Nbd7 6. Nc3 Bd6 7. O-O O-O 8. Qc2
dxc4 9. Bxc4 e5 10. Rd1 Qc7 11. dxe5 Nxe5 12. Nxe5 Bxe5 13. f4 Bd6 14. Be2 Bc5
15. Ne4 Nxe4 16. Qxe4 Be6 17. b4 Bd5 0-1

[Event "?"]
[Site "?"]
[Date "2017.08.26"]
[Round "1.19"]
[White "DÃ¶ring, Stefan"]
[Black "TÃ¶lg, Wolfgang"]
[Result "1-0"]
[WhiteElo "1931"]
[BlackElo "1628"]
[PlyCount "93"]
[EventDate "2017.??.??"]
[WhiteTeam "SC Tamm"]
[BlackTeam "SF Oeffingen"]

1. e4 e5 2. Nf3 Nc6 3. d4 exd4 4. Nxd4 Qf6 5. Nxc6 dxc6 6. Bd3 Bd7 7. Nc3 Bc5
8. Qe2 Bd4 9. Bd2 O-O-O 10. f3 Ne7 11. O-O-O Ng6 12. g3 Ne5 13. f4 Nxd3+ 14.
cxd3 Rhe8 15. Kb1 g6 16. Rc1 h5 17. h3 Qd6 18. Qf3 f5 19. e5 Qb4 20. Be3 Be6
21. Bxd4 Qxd4 22. Rhd1 Bd5 23. Qe2 a6 24. Nxd5 Rxd5 25. Rc4 Qb6 26. g4 hxg4 27.
hxg4 Rh8 28. gxf5 gxf5 29. d4 Rb5 30. Qc2 Rh5 31. Rc5 Kd7 32. Qg2 Rh7 33. b3
Rxb3+ 34. axb3 Qxb3+ 35. Kc1 Qa3+ 36. Qb2 Qe3+ 37. Kb1 b6 38. Rc3 Qxf4 39. Qg2
Rh6 40. Rh3 Rxh3 41. Qxh3 Qe4+ 42. Qd3 Qg4 43. Rf1 Ke6 44. Qc4+ Kd7 45. Qf7+
Kd8 46. Qf8+ Kd7 47. Qxf5+ 1-0

[Event "?"]
[Site "?"]
[Date "2017.08.26"]
[Round "1.20"]
[White "Meinhardt, Alexander"]
[Black "Siegle, Florian"]
[Result "1/2-1/2"]
[WhiteElo "1624"]
[BlackElo "1925"]
[PlyCount "100"]
[EventDate "2017.??.??"]
[WhiteTeam "DJK Sportbund Stgt."]
[BlackTeam "Stuttgarter SF"]

1. e4 e5 2. Bc4 Nc6 3. Nc3 d6 4. d3 Na5 5. Nf3 Nxc4 6. dxc4 f5 7. O-O Nf6 8.
exf5 Bxf5 9. Bg5 Be7 10. Re1 Qd7 11. Nd5 Nxd5 12. cxd5 Bg4 13. Bxe7 Qxe7 14.
Qd3 O-O 15. Re3 Rf4 16. Ne1 Qg5 17. Rg3 Qf6 18. f3 e4 19. fxe4 Qxb2 20. Qc3
Raf8 21. h3 Rf1+ 22. Kh2 Qxc3 23. Rxc3 Bh5 24. Rxc7 Bg6 25. Rxb7 Bxe4 26. Rxa7
R8f2 27. Kg3 Re2 28. Rb1 h5 29. Rb8+ Kh7 30. Nf3 Bxd5 31. Rd8 h4+ 32. Nxh4 Rxc2
33. Rxd6 Bxg2 34. Nxg2 Rg1 35. a4 Rgxg2+ 36. Kf4 Rc4+ 37. Ke5 Rg5+ 38. Ke6 Re4+
39. Kd7 Ree5 40. Kc6 Rh5 41. Rdd7 Re6+ 42. Kb7 Rxh3 43. a5 Rhh6 44. Kc8 Rhg6
45. Rab7 Kh6 46. Rb4 Re5 47. Ra4 Ra6 48. Rh4+ Kg5 49. Rh1 Kf6 50. Rf1+ Rf5
1/2-1/2

[Event "?"]
[Site "?"]
[Date "2017.08.26"]
[Round "1.21"]
[White "Porzer, Thomas"]
[Black "Schelberg, Martin"]
[Result "1/2-1/2"]
[WhiteElo "1919"]
[BlackElo "1575"]
[PlyCount "73"]
[EventDate "2017.??.??"]
[WhiteTeam "SF Plochingen"]
[BlackTeam "SC Leinfelden"]

1. Nc3 g6 2. e4 Bg7 3. Bc4 e6 4. Nf3 Ne7 5. d4 d5 6. exd5 exd5 7. Be2 O-O 8.
Bg5 f6 9. Bf4 c6 10. O-O Re8 11. Qd2 Nf5 12. h4 Nd6 13. Rae1 Ne4 14. Qc1 Nxc3
15. bxc3 Bf5 16. c4 Nd7 17. Qb2 b6 18. cxd5 cxd5 19. Ba6 Rxe1 20. Rxe1 g5 21.
hxg5 fxg5 22. Bxg5 Bf6 23. Bf4 Nc5 24. Bb5 Ne4 25. Qb3 Rc8 26. Nd2 Kg7 27. Nxe4
Bxe4 28. Qg3+ Kh8 29. c4 Qe7 30. Qe3 Qg7 31. g3 Bxd4 32. Qe2 Rf8 33. Be3 Bxe3
34. Qxe3 Rf3 35. Qxf3 Bxf3 36. Re8+ Qg8 37. cxd5 1/2-1/2